[Event "Antofagasta Zicosur op 2nd"]
[Site "Antofagasta"]
[Date "2016.01.05"]
[Round "1"]
[White "Orostica Diaz, Pablo Mateo"]
[Black "Belli, Mario"]
[Result "0-1"]
[WhiteElo "1811"]
[BlackElo "2404"]
[PlyCount "90"]
[EventDate "2016.01.05"]
[EventType "swiss"]
[EventRounds "9"]
[EventCountry "CHI"]
[SourceTitle "CBM 170 Extra"]
[Source "ChessBase"]
[SourceDate "2016.02.25"]
[SourceVersion "1"]
[SourceVersionDate "2016.02.25"]
[SourceQuality "1"]

1. d4 d5 2. Nf3 Nf6 3. g3 g6 4. Bg2 Bg7 5. 0-0 0-0 6. Nbd2 c6 7. b3 c5 8. Bb2 cxd4 9. Bxd4 Nc6 10. Bb2 Qd6 11. Rc1 Rd8 12. c4 d4 13. c5 Qc7 14. a3 h6 15. b4 e5 16. Ne1 Be6 17. Nd3 Nd5 18. Ba1 f5 19. Nb2 Nc3 20. Qe1 a5 21. Nbc4 axb4 22. axb4 Na2 23. Rb1 Naxb4 24. Nb6 Ra5 25. Ndc4 Rxc5 26. Rxb4 Nxb4 27. Qxb4 Rxc4 28. Nxc4 Bxc4 29. Rc1 b5 30. Bf1 Qd6 31. Qa5 Kh7 32. Rd1 Rd7 33. Bc3 Qc7 34. Bb4 Qxa5 35. Bxa5 Kg8 36. Bb6 Kf7 37. Ra1 e4 38. Rd1 Ke6 39. h4 h5 40. Kg2 b4 41. Rc1 Kd5 42. e3 d3 43. f3 b3 44. fxe4+ fxe4 45. Kg1 b2 0-1

[Event "Huacho op 2nd"]
[Site "Huacho"]
[Date "2004.09.18"]
[Round "7"]
[White "Belli, Mario"]
[Black "Ramos, Ernesto"]
[Result "1/2-1/2"]
[WhiteElo "2403"]
[BlackElo "2257"]
[PlyCount "31"]
[EventDate "2004.09.15"]
[EventType "swiss"]
[EventRounds "9"]
[EventCountry "PER"]
[SourceTitle "CBM 102 Extra"]
[Source "ChessBase"]
[SourceDate "2004.11.03"]
[SourceVersion "1"]
[SourceVersionDate "2004.11.03"]
[SourceQuality "1"]

1. d4 Nf6 2. Nf3 e6 3. e3 b6 4. Bd3 Bb7 5. 0-0 Be7 6. c4 0-0 7. Nc3 d5 8. b3 Ne4 9. Bb2 Nd7 10. Qe2 Ndf6 11. Rfd1 Nxc3 12. Bxc3 Ne4 13. Bb2 Bd6 14. Rac1 Qe7 15. cxd5 exd5 16. Ba6 1/2-1/2

[Event "Huacho op 2nd"]
[Site "Huacho"]
[Date "2004.09.17"]
[Round "4"]
[White "Barreto Carreno, Carlos"]
[Black "Belli, Mario"]
[Result "0-1"]
[WhiteElo "2156"]
[BlackElo "2403"]
[PlyCount "110"]
[EventDate "2004.09.15"]
[EventType "swiss"]
[EventRounds "9"]
[EventCountry "PER"]
[SourceTitle "CBM 102 Extra"]
[Source "ChessBase"]
[SourceDate "2004.11.03"]
[SourceVersion "1"]
[SourceVersionDate "2004.11.03"]
[SourceQuality "1"]

1. e4 d5 2. exd5 Qxd5 3. Nc3 Qd6 4. d4 Nf6 5. Nf3 a6 6. g3 Bg4 7. Bg2 Nc6 8. Bf4 Qd7 9. Qd2 Bxf3 10. Bxf3 Nxd4 11. Bg2 0-0-0 12. 0-0-0 Qf5 13. Kb1 e5 14. Be3 Bb4 15. Qd3 Qh5 16. Qc4 Bxc3 17. Qxc3 Nb5 18. Qe1 h6 19. a4 Rxd1+ 20. Qxd1 Qxd1+ 21. Rxd1 Nd6 22. b3 Re8 23. Kb2 Ng4 24. Bh3 f5 25. Bxg4 fxg4 26. Re1 Kd7 27. c4 Ke6 28. c5 Nf5 29. Bf4 Kd5 30. h4 gxh3 31. g4 Nd4 32. Bg3 Nf3 33. Rh1 Kxc5 34. Rxh3 Rd8 35. Rh5 Kb4 36. Bxe5 Rd2+ 37. Kc1 Kxb3 38. Bxg7 Rxf2 39. Kd1 Rd2+ 40. Kc1 Rg2 41. Rh1 Rxg4 42. Bxh6 Rxa4 43. Bg7 Rg4 44. Bf6 c5 45. Kd1 Rg1+ 46. Rxg1 Nxg1 47. Kd2 b5 48. Ke3 c4 49. Kd2 b4 50. Kc1 Ka2 51. Bb2 b3 52. Bf6 c3 53. Bxc3 Ne2+ 54. Kd2 Nxc3 55. Kxc3 b2 0-1

[Event "Huacho op 2nd"]
[Site "Huacho"]
[Date "2004.09.16"]
[Round "3"]
[White "Belli, Mario"]
[Black "Cornejo, Max"]
[Result "1/2-1/2"]
[WhiteElo "2403"]
[BlackElo "2191"]
[PlyCount "49"]
[EventDate "2004.09.15"]
[EventType "swiss"]
[EventRounds "9"]
[EventCountry "PER"]
[SourceTitle "CBM 102 Extra"]
[Source "ChessBase"]
[SourceDate "2004.11.03"]
[SourceVersion "1"]
[SourceVersionDate "2004.11.03"]
[SourceQuality "1"]

1. e4 c5 2. c3 d5 3. exd5 Qxd5 4. d4 Nf6 5. Nf3 Bg4 6. Be2 e6 7. h3 Bh5 8. 0-0 Nc6 9. Be3 cxd4 10. cxd4 Be7 11. Nc3 Qd6 12. Qb3 0-0 13. Rfd1 Rfd8 14. a3 a6 15. Rdc1 b5 16. d5 Na5 17. Qa2 exd5 18. g4 Bg6 19. g5 Ne4 20. Nxd5 Qe6 21. Bb6 Bd6 22. Bxa5 Qxh3 23. Bxd8 Qg4+ 24. Kf1 Qh3+ 25. Kg1 1/2-1/2

[Event "Olympiad-35"]
[Site "Bled"]
[Date "2002.10.26"]
[Round "1.2"]
[White "Grassi, Enrico"]
[Black "Belli, Mario"]
[Result "0-1"]
[WhiteElo "2117"]
[BlackElo "2401"]
[PlyCount "68"]
[EventDate "2002.10.26"]
[EventType "team-swiss"]
[EventRounds "14"]
[EventCountry "SLO"]
[SourceTitle "EXT 2003"]
[Source "ChessBase"]
[SourceDate "2002.11.25"]
[SourceVersion "1"]
[SourceVersionDate "2002.11.25"]
[SourceQuality "1"]
[WhiteTeam "San Marino"]
[BlackTeam "Peru"]
[WhiteTeamCountry "SMR"]
[BlackTeamCountry "PER"]

1. e4 g6 2. d4 Bg7 3. f4 c6 4. Bd3 Bxd4 5. Nf3 Bg7 6. 0-0 d5 7. exd5 cxd5 8. f5 Nc6 9. Ng5 Nf6 10. fxg6 hxg6 11. c3 Qb6+ 12. Kh1 Ng4 13. Nh3 Rxh3 14. gxh3 Nf2+ 15. Rxf2 Qxf2 16. Qf1 Qh4 17. Be3 Bxh3 18. Qf2 Qxf2 19. Bxf2 e5 20. Nd2 Bh6 21. Nf1 a6 22. Ne3 Be6 23. Rd1 0-0-0 24. Be2 f5 25. Nc2 Bf4 26. Bg3 Bg5 27. a3 d4 28. cxd4 Bb3 29. d5 Bxc2 30. dxc6 Bxd1 31. cxb7+ Kxb7 32. Bxd1 Rxd1+ 33. Kg2 Rd2+ 34. Kh3 e4 0-1

[Event "PER-ch"]
[Site "Lima"]
[Date "2002.10.07"]
[Round "10"]
[White "Belli, Mario"]
[Black "Pacheco, Marco"]
[Result "1/2-1/2"]
[WhiteElo "2401"]
[BlackElo "2284"]
[PlyCount "58"]
[EventDate "2002.10.01"]
[EventType "tourn"]
[EventRounds "13"]
[EventCountry "PER"]
[EventCategory "4"]
[SourceTitle "CBM 090 Extra"]
[Source "ChessBase"]
[SourceDate "2002.11.07"]
[SourceVersion "1"]
[SourceVersionDate "2002.11.07"]
[SourceQuality "1"]

1. d4 Nf6 2. Nf3 g6 3. c4 Bg7 4. Nc3 0-0 5. Bf4 d6 6. h3 Nbd7 7. e3 c6 8. Be2 a6 9. 0-0 b5 10. Rc1 Bb7 11. Qb3 Nb6 12. Nd2 Nfd7 13. Rfd1 Ra7 14. Qc2 Qa8 15. b3 Re8 16. Bg3 c5 17. d5 b4 18. Ncb1 e5 19. Ne4 Qb8 20. f4 exf4 21. exf4 f5 22. Ng5 Nf8 23. Bd3 Bc8 24. Re1 Rae7 25. Qd2 Qc7 26. Rxe7 Rxe7 27. Re1 Bf6 28. Nf3 Rxe1+ 29. Qxe1 Qe7 1/2-1/2

[Event "PER-ch"]
[Site "Lima"]
[Date "2002.10.05"]
[Round "7"]
[White "Granda Zuniga, Julio E"]
[Black "Belli, Mario"]
[Result "1/2-1/2"]
[WhiteElo "2605"]
[BlackElo "2401"]
[PlyCount "82"]
[EventDate "2002.10.01"]
[EventType "tourn"]
[EventRounds "13"]
[EventCountry "PER"]
[EventCategory "4"]
[SourceTitle "CBM 090 Extra"]
[Source "ChessBase"]
[SourceDate "2002.11.07"]
[SourceVersion "1"]
[SourceVersionDate "2002.11.07"]
[SourceQuality "1"]

1. e4 g6 2. d4 Bg7 3. Nc3 d6 4. Be3 c6 5. Qd2 Nd7 6. g4 b5 7. g5 h6 8. gxh6 Nxh6 9. f3 Nb6 10. b3 Ng8 11. Nge2 Nf6 12. Nf4 Nh5 13. Nd3 Ng3 14. Rg1 Nxf1 15. Rxf1 a5 16. 0-0-0 b4 17. Ne2 Ba6 18. Nef4 Nd7 19. Rg1 e5 20. Nxg6 fxg6 21. Rxg6 Bf6 22. dxe5 dxe5 23. Qg2 Bxd3 24. Rg8+ Rxg8 25. Qxg8+ Nf8 26. Bh6 Qe7 27. Rxd3 Qf7 28. Qg1 Qg6 29. Qxg6+ Nxg6 30. Rd6 Kf7 31. Rxc6 Nh4 32. f4 exf4 33. Bxf4 Nf3 34. Kd1 Re8 35. Rc7+ Kg6 36. Ke2 Nd4+ 37. Ke3 Ne6 38. Rc6 Kf7 39. e5 Be7 40. Ke4 Rg8 41. Be3 Rh8 1/2-1/2

[Event "PER-ch"]
[Site "Lima"]
[Date "2002.10.02"]
[Round "3"]
[White "Nina, Miguel Angel"]
[Black "Belli, Mario"]
[Result "0-1"]
[WhiteElo "2238"]
[BlackElo "2401"]
[PlyCount "122"]
[EventDate "2002.10.01"]
[EventType "tourn"]
[EventRounds "13"]
[EventCountry "PER"]
[EventCategory "4"]
[SourceTitle "CBM 090 Extra"]
[Source "ChessBase"]
[SourceDate "2002.11.07"]
[SourceVersion "1"]
[SourceVersionDate "2002.11.07"]
[SourceQuality "1"]

1. e4 d6 2. d4 Nf6 3. Nc3 c6 4. f3 e5 5. dxe5 dxe5 6. Qxd8+ Kxd8 7. Bc4 Ke8 8. a4 Bb4 9. Nge2 Nbd7 10. Be3 a5 11. Kf2 Bc5 12. Nd1 Ke7 13. Nc1 Rd8 14. Nd3 Ba7 15. Bxa7 Rxa7 16. Ne3 g6 17. Rhd1 Rf8 18. Rd2 Ne8 19. Ng4 f6 20. Rad1 Nc7 21. Ne3 Na6 22. Bxa6 Rxa6 23. Nc4 Ra8 24. Nc1 Ra7 25. Nb3 b6 26. Rd6 Rc7 27. Ne3 Nb8 28. c4 Be6 29. Ke2 Rd7 30. Rxd7+ Nxd7 31. Kd3 f5 32. exf5 gxf5 33. Kc3 Rg8 34. Rd2 h5 35. Nc2 h4 36. Ne1 c5 37. Re2 Kf6 38. Nd3 Re8 39. Na1 Bf7 40. Nc2 Nb8 41. Na3 Nc6 42. Nb5 Rd8 43. b3 Rd7 44. g3 Bh5 45. Rf2 Bg6 46. Ne1 hxg3 47. hxg3 Rd1 48. Nc2 f4 49. gxf4 exf4 50. Nc7 Rd3+ 51. Kb2 Bf7 52. Nb5 Ne5 53. Nc3 Rxf3 54. Ne4+ Kf5 55. Nd6+ Ke6 56. Rxf3 Nxf3 57. Nc8 Kd7 58. Nxb6+ Kc7 59. Nd5+ Bxd5 60. cxd5 Kd6 61. Na3 Kxd5 0-1

[Event "Lima 1st"]
[Site "Lima"]
[Date "2002.??.??"]
[Round "7"]
[White "Jorquera Cahuin, Marcelo Joaquin"]
[Black "Belli, Mario"]
[Result "1/2-1/2"]
[WhiteElo "2371"]
[BlackElo "2398"]
[PlyCount "21"]
[EventDate "2002.03.11"]
[EventType "tourn"]
[EventRounds "11"]
[EventCountry "PER"]
[EventCategory "3"]
[SourceTitle "CBM 087 Extra"]
[Source "ChessBase"]
[SourceDate "2002.05.03"]
[SourceVersion "2"]
[SourceVersionDate "2002.08.09"]
[SourceQuality "1"]

1. e4 g6 2. d4 Bg7 3. Nc3 c6 4. g3 d5 5. exd5 cxd5 6. Bg2 Nf6 7. h3 Nc6 8. Nge2 0-0 9. 0-0 b6 10. Bg5 e6 11. Qd2 1/2-1/2

[Event "Lima 1st"]
[Site "Lima"]
[Date "2002.??.??"]
[Round "3"]
[White "Oblitas Guerrero, Carlomagno"]
[Black "Belli, Mario"]
[Result "1/2-1/2"]
[WhiteElo "2404"]
[BlackElo "2398"]
[PlyCount "47"]
[EventDate "2002.03.11"]
[EventType "tourn"]
[EventRounds "11"]
[EventCountry "PER"]
[EventCategory "3"]
[SourceTitle "CBM 087 Extra"]
[Source "ChessBase"]
[SourceDate "2002.05.03"]
[SourceVersion "2"]
[SourceVersionDate "2002.08.09"]
[SourceQuality "1"]

1. e4 g6 2. d4 Bg7 3. Nc3 d6 4. Be3 c6 5. Qd2 Nd7 6. f3 e5 7. dxe5 dxe5 8. 0-0-0 Qe7 9. Kb1 Ngf6 10. h4 0-0 11. Nge2 Nb6 12. Nc1 Be6 13. Qf2 Qc7 14. Nb3 Rad8 15. Be2 Rxd1+ 16. Rxd1 Rd8 17. Rh1 Nbd7 18. Rd1 b6 19. Qf1 Nf8 20. Rxd8 Qxd8 21. Bc4 N6d7 22. Bf2 Bf6 23. g3 Qc7 24. a4 1/2-1/2

[Event "Olympiad-34"]
[Site "Istanbul"]
[Date "2000.11.12"]
[Round "14.2"]
[White "Belli, Mario"]
[Black "Sequera Paolini, Jose Rafael"]
[Result "1-0"]
[WhiteElo "2393"]
[BlackElo "2357"]
[PlyCount "79"]
[EventDate "2000.10.28"]
[EventType "team-swiss"]
[EventRounds "14"]
[EventCountry "TUR"]
[SourceTitle "EXT 2001"]
[Source "ChessBase"]
[SourceDate "2000.11.22"]
[SourceVersion "1"]
[SourceVersionDate "2000.11.22"]
[SourceQuality "1"]
[WhiteTeam "Peru"]
[BlackTeam "Venezuela"]
[WhiteTeamCountry "PER"]
[BlackTeamCountry "VEN"]

1. c4 e6 2. Nc3 d5 3. d4 f5 4. g3 c6 5. Bg2 Nf6 6. Nf3 Bd6 7. 0-0 0-0 8. a3 Nbd7 9. Qd3 Ne4 10. b4 a5 11. b5 dxc4 12. Qxc4 Nb6 13. Qd3 Nxc3 14. Qxc3 cxb5 15. Qd3 Bd7 16. e4 Qc7 17. Be3 Qc4 18. Qb1 fxe4 19. Ng5 Qd3 20. Qa2 h6 21. Nxe6 Rf7 22. Nc5 Bxc5 23. dxc5 Na4 24. Rfd1 Qc4 25. Qxc4 bxc4 26. Bxe4 Bc6 27. Bxc6 bxc6 28. Rac1 Rb7 29. Rd6 Rb3 30. Rxc4 Rxa3 31. Rxc6 Nb2 32. Rg4 Rxe3 33. fxe3 a4 34. Rc7 g5 35. Rb4 Nd3 36. Rbb7 Ne5 37. Rg7+ Kf8 38. Rh7 Ng6 39. c6 Rc8 40. c7 1-0

[Event "Olympiad-34"]
[Site "Istanbul"]
[Date "2000.11.06"]
[Round "9.2"]
[White "Belli, Mario"]
[Black "Nedev, Trajce"]
[Result "1/2-1/2"]
[WhiteElo "2393"]
[BlackElo "2487"]
[PlyCount "33"]
[EventDate "2000.10.28"]
[EventType "team-swiss"]
[EventRounds "14"]
[EventCountry "TUR"]
[SourceTitle "EXT 2001"]
[Source "ChessBase"]
[SourceDate "2000.11.22"]
[SourceVersion "1"]
[SourceVersionDate "2000.11.22"]
[SourceQuality "1"]
[WhiteTeam "Peru"]
[BlackTeam "Macedonia"]
[WhiteTeamCountry "PER"]
[BlackTeamCountry "MKD"]

1. d4 Nf6 2. Nf3 g6 3. c4 Bg7 4. g3 d5 5. Bg2 dxc4 6. Qa4+ Nfd7 7. Qxc4 Nc6 8. Be3 Nb6 9. Qc5 0-0 10. Nc3 a5 11. 0-0 a4 12. b4 axb3 13. axb3 Rxa1 14. Rxa1 Bg4 15. Rd1 Qc8 16. b4 Qf5 17. Nb5 1/2-1/2

[Event "Olympiad-34"]
[Site "Istanbul"]
[Date "2000.10.30"]
[Round "3.2"]
[White "Belli, Mario"]
[Black "Mossong, Hubert"]
[Result "1-0"]
[WhiteElo "2393"]
[BlackElo "2213"]
[PlyCount "70"]
[EventDate "2000.10.28"]
[EventType "team-swiss"]
[EventRounds "14"]
[EventCountry "TUR"]
[SourceTitle "EXT 2001"]
[Source "ChessBase"]
[SourceDate "2000.11.22"]
[SourceVersion "1"]
[SourceVersionDate "2000.11.22"]
[SourceQuality "1"]
[WhiteTeam "Peru"]
[BlackTeam "Luxembourg"]
[WhiteTeamCountry "PER"]
[BlackTeamCountry "LUX"]

1. d4 d6 2. e4 Nf6 3. Nc3 c6 4. f4 Qa5 5. Bd3 e5 6. Nf3 Bg4 7. dxe5 dxe5 8. f5 Nbd7 9. Bd2 Qc7 10. h3 Bxf3 11. Qxf3 Be7 12. g4 0-0-0 13. 0-0-0 Kb8 14. Kb1 b5 15. g5 Ne8 16. Bxb5 Nb6 17. Ba6 f6 18. h4 Bc5 19. Be3 Rxd1+ 20. Rxd1 Bb4 21. Ne2 Qe7 22. Nc1 Nc7 23. Bf1 Ka8 24. Nb3 Rb8 25. Qf2 Rd8 26. Rd3 Rxd3 27. Bxd3 Nc8 28. a3 Bd6 29. Qd2 Nb5 30. Na5 Qd7 31. Bxb5 cxb5 32. Qd5+ Kb8 33. Nc6+ Kc7 34. Nxa7 Nxa7 35. Bxa7 Be7 1-0

[Event "PER-ch"]
[Site "Lima"]
[Date "2000.10.12"]
[Round "8"]
[White "Castaneda, Georgui"]
[Black "Belli, Mario"]
[Result "1/2-1/2"]
[WhiteElo "2457"]
[BlackElo "2393"]
[PlyCount "38"]
[EventDate "2000.10.04"]
[EventType "tourn"]
[EventRounds "13"]
[EventCountry "PER"]
[EventCategory "2"]
[SourceTitle "CBM 078 Extra"]
[Source "ChessBase"]
[SourceDate "2000.11.10"]
[SourceVersion "1"]
[SourceVersionDate "2000.11.10"]
[SourceQuality "1"]

1. d4 d5 2. Nf3 Nf6 3. c4 dxc4 4. Qa4+ c6 5. Qxc4 Bf5 6. g3 e6 7. Bg2 Nbd7 8. 0-0 Be7 9. Nc3 0-0 10. e3 Ne4 11. Nd2 Nxd2 12. Bxd2 e5 13. e4 Nb6 14. Qb3 exd4 15. exf5 dxc3 16. Bxc3 Qc7 17. Rfe1 Rfe8 18. Be4 Nd7 19. Rad1 Bf6 1/2-1/2

[Event "Casa Argentina 2nd"]
[Site "La Paz"]
[Date "2000.05.10"]
[Round "12"]
[White "Mendez, Ernesto"]
[Black "Belli, Mario"]
[Result "1/2-1/2"]
[WhiteElo "2397"]
[BlackElo "2388"]
[PlyCount "20"]
[EventDate "2000.05.01"]
[EventType "tourn"]
[EventRounds "13"]
[EventCountry "BOL"]
[EventCategory "2"]
[SourceTitle "EXT 2001"]
[Source "ChessBase"]
[SourceDate "2000.11.22"]
[SourceVersion "1"]
[SourceVersionDate "2000.11.22"]
[SourceQuality "1"]

1. d4 Nf6 2. Bg5 Ne4 3. Bf4 d5 4. Nd2 Bf5 5. e3 e6 6. Ngf3 Be7 7. Bd3 0-0 8. 0-0 c6 9. Qe2 Nd7 10. c4 Nxd2 1/2-1/2

[Event "Casa Argentina 2nd"]
[Site "La Paz"]
[Date "2000.05.04"]
[Round "5"]
[White "Belli, Mario"]
[Black "Saavedra, Carlos"]
[Result "1-0"]
[WhiteElo "2388"]
[BlackElo "2185"]
[PlyCount "67"]
[EventDate "2000.05.01"]
[EventType "tourn"]
[EventRounds "13"]
[EventCountry "BOL"]
[EventCategory "2"]
[SourceTitle "EXT 2001"]
[Source "ChessBase"]
[SourceDate "2000.11.22"]
[SourceVersion "1"]
[SourceVersionDate "2000.11.22"]
[SourceQuality "1"]

1. c4 Nf6 2. Nc3 c5 3. g3 d5 4. cxd5 Nxd5 5. Bg2 Nc7 6. Qb3 Nc6 7. Bxc6+ bxc6 8. Nf3 f6 9. Qa4 Bd7 10. d3 e5 11. 0-0 Be7 12. Nd2 0-0 13. Qa5 Ne6 14. Qxd8 Rfxd8 15. b3 Nd4 16. Bb2 Bg4 17. f3 Bh3 18. Rfc1 f5 19. Kf2 Bg5 20. e3 Ne6 21. Ke2 f4 22. Nce4 fxe3 23. Nc4 Bh6 24. Nxe5 Rd5 25. Rc4 Rf8 26. Rac1 Rf5 27. Nxc6 Kf7 28. Rg1 Rh5 29. Ra4 Bf1+ 30. Kxf1 Rxh2 31. Rg2 e2+ 32. Rxe2 Rh1+ 33. Kg2 Rdh5 34. Ne5+ 1-0